[Event "Hampstead U2200 July 2013"]
[Site "Hampstead, UK"]
[Date "2013.07.20"]
[Round "1"]
[White "Lovell, William"]
[Black "Ivanov, George"]
[Result "1-0"]
[WhiteElo "1322"]
[BlackElo "1739"]
[EventRounds "5"]

1. e4 e5 2. Nf3 Nc6 3. d4 exd4 4. Bc4 Nf6 5. O-O Nxe4 6. Re1 d5 7. Bxd5 Qxd5
8. Nc3 Qh5 9. Nxe4 Be7 10. Bg5 Be6 11. Bxe7 Nxe7 12. Qxd4 a6 13. Qxg7 O-O-O
14. Qg5 Qxg5 15. Nexg5 Rd6 16. Nxf7 Bxf7 17. Rxe7 Bd5 18. b3 Rg8 19. Kf1 Rdg6
20. Rae1 Kd8 21. R7e5 Bc6 22. Nh4 Rd6 23. g3 Rd2 24. R5e2 Rd4 25. c3 Rdg4 26.
Rd2+ Kc8 27. Nf5 Rf8 28. Ne7+ Kb8 29. Nxc6+ bxc6 30. Re7 Rg6 31. Rxh7 c5 32.
Rdd7 Rc6 33. Rhf7 Rh8 34. Rh7 Rf8 35. Kg2 c4 36. b4 Rf5 37. Rhf7 Re5 38. Rfe7
Rf5 39. f4 a5 40. Rf7 Rb5 41. a4 Rbb6 42. Rd8+ Kb7 43. Rff8 Re6 44. b5 Rbd6
45. Rb8+ Ka7 46. Ra8+ Kb6 47. Ra6+ Kc5 48. Rf5+ Rd5 49. Rxd5+ Kxd5 50. Rxe6
Kxe6 51. Kf3 Kf5 52. g4+ Kg6 53. h4 Kf6 54. Ke4 Ke6 55. g5 Kf7 56. Ke5 Ke7 57.
h5 Kf7 58. f5 Kg7 59. Ke6 Kf8 60. h6 Kg8 61. Ke7 Kh8 62. f6 Kg8 63. f7+ Kh7
64. f8=Q Kg6 65. Qg8+ Kf5 66. h7 c5 67. h8=R {#r} 1-0

[Event "Hampstead U2200 July 2013"]
[Site "Hampstead, UK"]
[Date "2013.07.20"]
[Round "1"]
[White "Levene, Joseph"]
[Black "Gergelova, Monika"]
[Result "1-0"]
[WhiteElo "1729"]
[BlackElo "1297"]
[EventRounds "5"]

1. e4 e5 2. Nf3 Nc6 3. d4 exd4 4. Nxd4 Nxd4 5. Qxd4 d6 6. Nc3 c5 7. Qd3 Bd7 8.
Bf4 Qf6 9. Bg3 Ne7 10. O-O-O Ng6 11. Nb5 Qe6 {#r} 1-0

[Event "Hampstead U2200 July 2013"]
[Site "Hampstead, UK"]
[Date "2013.07.20"]
[Round "1"]
[White "Byrne, Ken J"]
[Black "Pattni, Kishan"]
[Result "0-1"]
[WhiteElo "1194"]
[BlackElo "1727"]
[EventRounds "5"]

1. c4 e5 2. g3 Nc6 3. Bg2 Bc5 4. Nc3 d6 5. d3 f5 6. e3 Nf6 7. Nge2 O-O 8. O-O
Qe8 9. Na4 Bb6 10. Nxb6 axb6 11. b3 Nd8 12. f4 e4 13. dxe4 Nxe4 14. Qd3 Nc5
15. Qc3 Ne4 16. Qd3 Nc6 17. a3 Nc5 18. Qc3 Bd7 19. Nd4 Ne4 20. Qd3 Nxd4 21.
Qxd4 Bc6 22. Bb2 Qg6 23. Rf3 Nc5 24. Rf2 Nxb3 25. Qc3 Nxa1 26. Bxa1 Bxg2 27.
Kxg2 Rae8 28. Re2 Re7 29. a4 Rfe8 30. Qd2 Qe6 31. Kf2 Qxc4 32. Qc3 Qxc3 33.
Bxc3 Re4 34. a5 Kf7 35. axb6 cxb6 36. Bb2 Rc8 37. Bd4 Rc6 38. Kf3 Ke6 39. Bxg7
b5 40. g4 d5 41. g5 b4 42. h4 Kf7 43. Bh8 b3 44. Rd2 Ke6 45. h5 Rc2 46. Ke2
Rec4 47. g6 hxg6 48. hxg6 Rxd2+ 49. Kxd2 b5 50. g7 Kf7 51. g8=Q+ Kxg8 52. Bb2
Rc2+ 53. Kd3 Rxb2 54. Kc3 Re2 {#R} 0-1

[Event "Hampstead U2200 July 2013"]
[Site "Hampstead, UK"]
[Date "2013.07.20"]
[Round "2"]
[White "Porter, Sam J"]
[Black "Wadsworth, Matthew"]
[Result "1-0"]
[WhiteElo "1870"]
[BlackElo "2136"]
[EventRounds "5"]

1. e4 c6 2. b3 d5 3. Bb2 dxe4 4. Nc3 Nf6 5. Nge2 Bg4 6. h3 Bh5 7. g4 Bg6 8.
Bg2 e6 9. Ng3 e3 10. fxe3 Qc7 11. Nge4 Nbd7 12. Qf3 Nd5 13. O-O-O O-O-O 14.
Rhf1 Ne5 15. Qf2 f6 16. d4 Nf7 17. h4 h5 18. g5 f5 19. Ng3 Bd6 20. Nge2 Nxc3
21. Bxc3 Rhe8 22. Nf4 Bxf4 23. exf4 Nd6 24. Bb2 Bf7 25. d5 exd5 26. Qxa7 g6
27. Rfe1 Qb8 28. Qxb8+ Kxb8 29. Rxe8 Rxe8 30. Be5 Kc7 31. c4 Kd7 32. cxd5 c5
33. Kb2 c4 34. b4 b5 35. Rd4 Ra8 36. Rd1 Ra4 37. a3 c3+ 38. Kxc3 Rxa3+ 39. Kd4
Ra2 40. Bf1 Rb2 41. Kc5 Rc2+ 42. Kb6 Nc4+ 43. Bxc4 bxc4 44. Kc5 c3 45. Ra1 Rd2
46. Ra7+ Ke8 47. Bxc3 Rxd5+ 48. Kc6 Rd3 49. Ra8+ Ke7 50. Bf6+ Ke6 51. Kc5 Rd5+
52. Kc4 Rd6 53. Ra7 Rd7 54. Rxd7 Kxd7+ 55. Kc5 Bb3 56. b5 Bd1 57. Kd5 Bf3+ 58.
Ke5 Bh1 59. b6 Bf3 60. Bg7 Ke7 61. Bf8+ Kxf8 62. Kf6 Ke8 63. Kxg6 Ke7 64. Kxf5
Kf7 65. g6+ Kg7 66. Kg5 Kf8 67. f5 Kg7 68. f6+ Kg8 69. Kf5 Kf8 70. Ke6 {#r}
1-0

[Event "Hampstead U2200 July 2013"]
[Site "Hampstead, UK"]
[Date "2013.07.20"]
[Round "2"]
[White "Madynski, Pawel"]
[Black "Pride, Stephen"]
[Result "1-0"]
[WhiteElo "2092"]
[BlackElo "1819"]
[EventRounds "5"]

1. Nf3 b5 2. e3 b4 3. d4 e6 4. a3 Bb7 5. axb4 Bxb4+ 6. Nbd2 Nf6 7. c3 Be7 8.
Bd3 O-O 9. Qe2 d6 10. e4 Nbd7 11. e5 dxe5 12. dxe5 Nd5 13. Nc4 N5b6 14. Na5
Bd5 15. Nd4 Nc5 16. Bc2 Nb7 17. Nac6 Qd7 18. Nxe7+ Qxe7 19. O-O Bc4 20. Qe4 g6
21. Qxb7 Bxf1 22. Kxf1 Qc5 23. Qe4 Nd5 24. Bd2 Rfb8 25. b4 Qf8 26. Ba4 c5 27.
bxc5 Qxc5 28. Qd3 Rc8 29. Rc1 Rab8 30. f4 Kg7 31. g3 Qa3 32. Bd1 Rb7 33. f5
gxf5 34. Nxf5+ Kh8 35. Nd6 Rbc7 36. Nxc8 Rxc8 37. Bc2 f5 38. exf6 Nxf6 39. Bg5
Rf8 40. Kg2 Qe7 41. Rf1 Qb7+ 42. Kh3 e5 43. Rxf6 Rxf6 44. Bxf6+ Kg8 45. Qxh7+
Qxh7+ 46. Bxh7+ Kxh7 47. Bxe5 {#r} 1-0

[Event "Hampstead U2200 July 2013"]
[Site "Hampstead, UK"]
[Date "2013.07.20"]
[Round "2"]
[White "Pein, Jonathan"]
[Black "Peat, Matthew"]
[Result "0-1"]
[WhiteElo "1834"]
[BlackElo "2091"]
[EventRounds "5"]

1. e4 c6 2. d4 d5 3. e5 Bf5 4. h4 h5 5. c4 e6 6. Nc3 Ne7 7. cxd5 Nxd5 8. Bd3
Bxd3 9. Qxd3 Nb4 10. Qe4 Qxd4 11. Qxd4 Nc2+ 12. Kf1 Nxd4 13. Bg5 Nd7 14. Rd1
c5 15. Nge2 Nxe2 16. Nb5 Rc8 17. Nxa7 Ng3+ 18. fxg3 Rb8 19. Nb5 f6 20. exf6
gxf6 21. Bf4 e5 22. Be3 Nb6 23. b3 Rh7 24. a4 Rd7 25. Ke2 Rbd8 26. Nc3 Kf7 27.
Rhf1 Rxd1 28. Rxd1 Rxd1 29. Kxd1 Ke6 30. Ne4 Nd7 31. Ke2 Be7 32. g4 hxg4 33.
h5 f5 34. Ng5+ Bxg5 35. Bxg5 Nf6 36. h6 Nh7 37. Be3 Kd5 38. g3 c4 39. bxc4+
Kxc4 40. Bb6 Kd5 41. Bc7 Ke4 42. Kf2 f4 43. gxf4 exf4 44. a5 Kf5 45. Bd6 Nf6
46. Kg2 f3+ 47. Kf1 Kg6 48. Bf4 Ne4 49. Kg1 Nf6 50. Kf2 Ne4+ 51. Kf1 Nf6 52.
Kf2 Ng8 53. h7 Kxh7 54. Kg3 Nf6 55. Be3 Kg6 56. Bd4 Kf5 57. Kf2 Ne4+ 58. Kf1
g3 59. Be3 Kg4 60. Kg1 Kh3 {#R} 0-1

[Event "Hampstead U2200 July 2013"]
[Site "Hampstead, UK"]
[Date "2013.07.20"]
[Round "2"]
[White "Ismailov, Roman"]
[Black "Lees, Fraser"]
[Result "1/2-1/2"]
[WhiteElo "2073"]
[BlackElo "1802"]
[EventRounds "5"]

1. d4 b6 2. c4 Bb7 3. Nc3 Nf6 4. d5 e5 5. e4 Bb4 6. Bd3 Bxc3+ 7. bxc3 d6 8. f4
Nbd7 9. Qe2 Qe7 10. Nf3 Nc5 11. Bc2 Nfd7 12. O-O f6 13. Bd2 O-O-O 14. Rae1 Kb8
15. a3 a5 16. Rb1 Ba6 17. Rfe1 Rhg8 18. Kh1 g5 19. f5 Rg7 20. g3 Rdg8 21. Rb2
h5 22. Reb1 Ka7 23. Be3 Rd8 24. Bf2 g4 25. Nh4 Nf8 26. Be3 Nh7 27. Rf1 Bc8 28.
Qd2 Ba6 29. Qe2 {#d} 1/2-1/2

[Event "Hampstead U2200 July 2013"]
[Site "Hampstead, UK"]
[Date "2013.07.20"]
[Round "2"]
[White "Sharkey, Brian"]
[Black "Buyandalai, Tumen"]
[Result "0-1"]
[WhiteElo "1810"]
[BlackElo "2066"]
[EventRounds "5"]

1. d4 Nf6 2. c4 g6 3. Nc3 Bg7 4. e4 d6 5. f3 c6 6. Be3 a6 7. a4 a5 8. Qd2 h5
9. Nge2 Na6 10. Nc1 Nd7 11. N1a2 e5 12. Rb1 Nb4 13. b3 exd4 14. Bxd4 Bxd4 15.
Nxb4 Qh4+ 16. g3 Qf6 17. Ne2 Bb6 18. Nd3 Qxf3 19. Rg1 Bxg1 20. Nxg1 Qxe4+ 21.
Be2 Ne5 22. Kf1 h4 23. Re1 hxg3 24. Bf3 Bh3+ {#R} 0-1

[Event "Hampstead U2200 July 2013"]
[Site "Hampstead, UK"]
[Date "2013.07.20"]
[Round "2"]
[White "Haridas, Girinath"]
[Black "Balakrishnan, Naveen K"]
[Result "0-1"]
[WhiteElo "1755"]
[BlackElo "2026"]
[EventRounds "5"]

1. d4 Nf6 2. c4 c5 3. d5 b5 4. cxb5 a6 5. f3 e6 6. e4 c4 7. Nc3 axb5 8. dxe6
fxe6 9. Nxb5 Qa5+ 10. Nc3 Bb4 11. Bd2 d5 12. Nge2 Nc6 13. exd5 exd5 14. Nb1
Bf5 15. Bc3 Qc5 16. Ng3 Bg6 17. a3 O-O 18. axb4 Qe3+ 19. Qe2 Qxe2+ 20. Bxe2
Rxa1 21. O-O Rxb1 22. b5 Rxf1+ 23. Bxf1 Ne7 24. Bb4 Kf7 25. Bd6 Ke6 26. Bc7
Be8 27. b6 Bc6 28. Ne2 Ne8 29. Nd4+ Kd7 30. Bg3 Nf5 31. Nxc6 Kxc6 32. Be5 Kxb6
33. g4 Nfd6 34. Bd4+ Kb5 35. Kg2 Rf7 36. Be2 Nc7 37. Be5 Re7 38. Bxd6 Rxe2+
39. Kf1 Rxb2 40. Bxc7 g6 41. Be5 Rb3 42. Ke2 Kc5 43. f4 d4 44. f5 Re3+ 45. Kd2
Rxe5 46. f6 Re8 47. g5 Kd5 48. h4 Ke5 49. Kc2 h6 50. Kd2 hxg5 51. hxg5 Kf5 52.
Kc2 Kxg5 53. f7 Rf8 {#R} 0-1

[Event "Hampstead U2200 July 2013"]
[Site "Hampstead, UK"]
[Date "2013.07.20"]
[Round "2"]
[White "Levene, Joseph"]
[Black "Nixon, Rodney J"]
[Result "1-0"]
[WhiteElo "1729"]
[BlackElo "1971"]
[EventRounds "5"]

1. e4 c5 2. Nc3 d6 3. f4 Nc6 4. Bb5 Bd7 5. Nf3 g6 6. O-O Bg7 7. Bxc6 Bxc6 8.
Qe1 Bd7 9. d3 e6 10. f5 Qe7 11. fxe6 fxe6 12. Bg5 Bd4+ 13. Nxd4 Qxg5 14. Ndb5
Ke7 15. Qf2 Qe5 16. Qf7+ Kd8 17. Qf8+ Be8 18. Nxd6 Kd7 19. Nf7 Bxf7 {#r} 1-0

[Event "Hampstead U2200 July 2013"]
[Site "Hampstead, UK"]
[Date "2013.07.20"]
[Round "2"]
[White "Oyama, Akito"]
[Black "Wen, Jackson"]
[Result "1-0"]
[WhiteElo "1966"]
[BlackElo "1642"]
[EventRounds "5"]

1. e4 d6 2. Nc3 Nf6 3. f4 g6 4. Nf3 Bg7 5. Bc4 Bg4 6. h3 Bd7 7. d4 O-O 8. O-O
a6 9. a4 Nc6 10. e5 Ne8 11. Qe2 e6 12. g4 d5 13. Ba2 f6 14. Nxd5 fxe5 15. dxe5
Ne7 16. Nc3 c6 17. Nd4 Nd5 18. Nxd5 cxd5 19. Kh1 Nc7 20. c3 b5 21. a5 b4 22.
c4 dxc4 23. Bxc4 Bc8 24. Be3 Bb7+ 25. Kh2 Bd5 26. Bxd5 Qxd5 27. Qg2 Qd7 28.
Qc6 Qxc6 29. Nxc6 Nd5 30. Bd2 b3 31. Nb4 Nxb4 32. Bxb4 Rfe8 33. Rad1 Rac8 34.
Bc3 h6 35. Rd6 Ra8 36. Rd7 Red8 37. Rfd1 Re8 38. Kg3 Bf8 39. f5 exf5 40. gxf5
gxf5 41. Kf4 Re7 42. Rg1+ Kh7 43. Rxe7+ Bxe7 44. Kxf5 Rf8+ 45. Ke6 Bg5 46. Rg4
Re8+ 47. Kd7 Re7+ 48. Kd6 Re8 49. h4 Be3 50. e6 h5 51. Rg7+ Kh6 52. Kd7 Ra8
53. e7 Bd4 54. Rg3 Ra7+ 55. Ke6 Rxe7+ 56. Kxe7 Bf2 57. Rh3 Bc5+ 58. Ke6 Bf8
59. Bf6 Bb4 60. Rxb3 Bxa5 61. Ra3 Be1 62. Rxa6 Bg3 63. b4 {#r} 1-0

[Event "Hampstead U2200 July 2013"]
[Site "Hampstead, UK"]
[Date "2013.07.20"]
[Round "2"]
[White "Pattni, Kishan"]
[Black "Hayward, Alan"]
[Result "1/2-1/2"]
[WhiteElo "1727"]
[BlackElo "1954"]
[EventRounds "5"]

1. e4 d5 2. exd5 Nf6 3. d4 Bg4 4. Nf3 Nxd5 5. c4 Nb6 6. Be3 e6 7. h3 Bh5 8.
Nc3 Nc6 9. g4 Bg6 10. Qd2 Be7 11. Bd3 Bxd3 12. Qxd3 Bb4 13. a3 Bxc3+ 14. bxc3
Qe7 15. Nd2 O-O 16. O-O f5 17. f3 fxg4 18. fxg4 Rxf1+ 19. Nxf1 Rf8 20. Ng3 Na5
21. c5 Nd5 22. Rf1 Rxf1+ 23. Kxf1 Nxe3+ 24. Qxe3 Nc4 25. Qc1 Qf6+ 26. Kg2 Qg6
27. Qe1 Nxa3 28. Ne4 Nb5 29. Qe2 c6 30. Qe3 h6 31. c4 Na3 32. Nd6 Nc2 33. Qf2
a5 34. Nf5 Ne1+ 35. Qxe1 exf5 36. Qxa5 fxg4 37. Qd8+ Kh7 38. Qd7 gxh3+ 39.
Kxh3 Qd3+ 40. Kh4 Qxc4 41. Qf5+ Kh8 42. Qc8+ Qg8 43. Qxb7 Qd8+ 44. Kg3 Qxd4
45. Qxc6 Qe5+ 46. Kf3 Kg8 47. Qc8+ Kf7 48. c6 Qf6+ 49. Kg3 Qe5+ {#d} 1/2-1/2

[Event "Hampstead U2200 July 2013"]
[Site "Hampstead, UK"]
[Date "2013.07.20"]
[Round "2"]
[White "Sagues, Vincent"]
[Black "Zhu, Richard"]
[Result "1/2-1/2"]
[WhiteElo "1939"]
[BlackElo "1622"]
[EventRounds "5"]

1. e4 c5 2. Nf3 Nc6 3. d4 cxd4 4. Nxd4 Nf6 5. Nc3 e5 6. Ndb5 d6 7. Bg5 a6 8.
Na3 b5 9. Nd5 Be7 10. Bxf6 Bxf6 11. c4 b4 12. Nc2 Rb8 13. b3 O-O 14. g3 Bg5
15. Bg2 f5 16. exf5 Bxf5 17. Nce3 Bxe3 18. Nxe3 Nd4 19. O-O Qd7 20. Re1 Bh3
21. Bd5+ Be6 22. Be4 Rf7 23. Qd3 Nf3+ 24. Bxf3 Rxf3 25. Qe2 Rbf8 26. Rad1 Bh3
27. Rd2 Qf7 28. Red1 Qh5 29. Qd3 R8f6 30. Qd5+ Qf7 31. Qxf7+ Kxf7 32. Nd5 Rh6
33. Nxb4 Rff6 34. Nd5 Rfg6 35. Ne3 Bc8 36. Rd3 Ke7 37. b4 Rh5 38. a4 Bb7 39.
h4 Be4 40. R3d2 Rxh4 41. Ng2 Bxg2 42. Kxg2 Rxc4 43. Rb1 Rgg4 44. b5 axb5 45.
axb5 Rb4 46. Rbd1 Rxb5 47. Rxd6 e4 48. Rd7+ Ke6 49. R1d2 Rbg5 50. R7d6+ Kf7
51. R2d4 h5 52. Rd7+ Kg6 53. R4d6+ Kh7 54. Rd5 h4 55. Rxg5 Rxg5 56. Re7 hxg3
57. fxg3 Kg6 {#d} 1/2-1/2

[Event "Hampstead U2200 July 2013"]
[Site "Hampstead, UK"]
[Date "2013.07.20"]
[Round "2"]
[White "Samadov, Samir"]
[Black "Joslin, Tim"]
[Result "1/2-1/2"]
[WhiteElo "1490"]
[BlackElo "1922"]
[EventRounds "5"]

1. e4 e6 2. d4 d5 3. exd5 exd5 4. Nc3 Bb4 5. Bd2 Nf6 6. Qe2+ Be6 7. Qb5+ Nc6
8. Qxb7 Nxd4 9. Bd3 c5 10. Nge2 Nxe2 11. Bxe2 O-O 12. Rd1 Re8 13. O-O Re7 14.
Qb5 Bd7 15. Qd3 c4 16. Qg3 d4 17. Bg5 Re6 18. Bxc4 Bd6 19. Qh4 dxc3 20. Bxe6
Bxe6 21. Bxf6 gxf6 22. bxc3 Qc7 23. Qxf6 Bxh2+ 24. Kh1 Be5 25. Qg5+ Kh8 26. f4
Bxc3 27. f5 Rg8 28. Qe3 Qc6 29. Qf3 Bd7 30. Rxd7 Qxd7 31. Qxc3+ Rg7 32. Qf3
Qc7 33. Qd3 h6 34. Rd1 Qc6 35. Rd2 Qc5 36. Qh3 Kh7 37. Qd3 Rg5 38. f6+ Kh8 39.
Qd4 Qb5 40. Rd1 Qc6 41. Rd2 Qb7 42. Qh4 Qb1+ 43. Kh2 Qb8+ 44. Kg1 Qb6+ 45. Qd4
Qb1+ 46. Kf2 Rf5+ 47. Ke2 Qf1+ 48. Ke3 Rxf6 49. Re2 Kg8 50. Qg4+ Rg6 51. Qc8+
Kh7 52. Qc4 Re6+ 53. Kd2 Rd6+ 54. Ke3 Rf6 55. Qe4+ Rg6 56. Rf2 {#d} 1/2-1/2

[Event "Hampstead U2200 July 2013"]
[Site "Hampstead, UK"]
[Date "2013.07.20"]
[Round "2"]
[White "Reed, Liam"]
[Black "Botteley, Michael T"]
[Result "1/2-1/2"]
[WhiteElo "1417"]
[BlackElo "1910"]
[EventRounds "5"]

1. e4 c5 2. Nf3 Nc6 3. Bc4 a6 4. d4 Nf6 5. Nc3 b5 6. e5 bxc4 7. exf6 d5 8.
fxg7 Bxg7 9. Be3 cxd4 10. Nxd4 Nxd4 11. Bxd4 e5 12. Bc5 Be6 13. Qd2 h5 14.
O-O-O d4 15. Ne4 Bh6 16. f4 Bxf4 17. Qxf4 exf4 18. Rxd4 Qxd4 19. Bxd4 Rh6 20.
Rd1 Rd8 21. c3 Rg6 22. Nf6+ Rxf6 23. Bxf6 Rd5 24. Rxd5 Bxd5 25. Be5 Ke7 26.
Kd2 Bxg2 27. Bxf4 Ke6 28. Ke3 Kd5 29. Bg5 f5 30. Kd2 Ke4 31. Ke2 f4 32. Kd2
Bf1 33. Ke1 Bd3 34. Kf2 Bb1 35. a4 Bc2 36. a5 Bd1 37. Ke1 Ba4 38. Ke2 Bc6 39.
Bh4 Kf5 40. Bf2 Kg4 41. h4 Kh3 42. Kd2 Be4 43. Ke1 Bd3 44. Kd2 Kg2 45. Ke1 f3
46. Bd4 Be4 47. Bc5 Kg3 48. Bf2+ Kf4 49. Bd4 Bd3 50. Bf2 Ke4 51. Kd1 Bf1 52.
Ke1 Bh3 53. Kd2 Bf5 54. Be3 Bd7 55. Bf2 {#d} 1/2-1/2

[Event "Hampstead U2200 July 2013"]
[Site "Hampstead, UK"]
[Date "2013.07.20"]
[Round "2"]
[White "Lovell, William"]
[Black "Reddiar, Gautham"]
[Result "0-1"]
[WhiteElo "1322"]
[BlackElo "1882"]
[EventRounds "5"]

1. e4 e6 2. d4 d5 3. e5 c5 4. Nf3 Nc6 5. Bd3 cxd4 6. O-O Nge7 7. Bf4 Ng6 8.
Bg3 Qb6 9. Nbd2 Qxb2 10. Nb3 Qc3 11. Nfxd4 a6 12. Re1 Bd7 13. Nxc6 Bxc6 14.
Re3 Bc5 15. Bxg6 Bxe3 16. Bxf7+ Kxf7 17. fxe3 Qxe3+ 18. Bf2 Qh6 19. Nd4 Rhf8
20. Qg4 Qg6 21. Qh3 Bd7 22. Rb1 b5 23. Rb3 Qh6 24. Qg4 Qc1+ 25. Be1 Qxe1# 0-1

[Event "Hampstead U2200 July 2013"]
[Site "Hampstead, UK"]
[Date "2013.07.20"]
[Round "2"]
[White "Landau, Jonathan"]
[Black "Oyama, Harunobu"]
[Result "1-0"]
[WhiteElo "1922"]
[BlackElo "1598"]
[EventRounds "5"]

1. e4 c5 2. Nf3 Nc6 3. d4 cxd4 4. Nxd4 d5 5. exd5 Qxd5 6. Be3 e6 7. Be2 Nf6 8.
O-O Be7 9. Bf3 Qd7 10. Nxc6 bxc6 11. Nc3 O-O 12. Qe2 Nd5 13. Rfd1 Nxc3 14.
bxc3 Qc7 15. Qc4 Bb7 16. Rab1 Rfd8 17. Rxd8+ Bxd8 18. g3 Be7 19. Bf4 Qc8 20.
Qd3 Ba6 21. Qe4 Qe8 22. Qxc6 Qxc6 23. Bxc6 Rc8 24. Bb7 Bxb7 25. Rxb7 Bc5 26.
Rc7 Rxc7 27. Bxc7 Kf8 28. Be5 g6 29. Bd4 Bb6 30. Bxb6 axb6 31. Kf1 Ke7 32. Ke2
Kd6 33. Kd3 Kc5 34. f4 f5 35. a4 Kd5 36. c4+ Kc5 37. Kc3 h6 38. h4 h5 39. Kb3
Kd4 40. Kb4 Ke3 41. Kb5 Kf3 42. c5 bxc5 43. a5 Kxg3 44. a6 Kxf4 45. a7 Kg4 46.
a8=Q Kxh4 47. Qh1+ Kg5 48. Qg2+ Kf6 49. Kxc5 g5 50. Kd6 g4 51. Qe2 f4 52. Qe5+
Kg6 53. Qxf4 {#r} 1-0

[Event "Hampstead U2200 July 2013"]
[Site "Hampstead, UK"]
[Date "2013.07.20"]
[Round "2"]
[White "Allison, Conrad"]
[Black "Nayak, Raghav"]
[Result "1-0"]
[WhiteElo "1885"]
[BlackElo "1602"]
[EventRounds "5"]

1. e4 c5 2. Nf3 e6 3. d4 cxd4 4. Nxd4 Nc6 5. Be3 a6 6. Bd3 Nf6 7. O-O Be7 8.
Nc3 d6 9. Nb3 b5 10. f4 Bb7 11. a4 b4 12. Ne2 O-O 13. a5 d5 14. e5 Nd7 15. Ng3
Qc7 16. Qh5 h6 17. Qg4 Rfd8 18. Nh5 Bf8 19. Rf3 Ncxe5 20. fxe5 Nxe5 21. Qh3
Nxf3+ 22. gxf3 Kh8 23. Kh1 Qd7 24. Nxg7 Bxg7 25. Bxh6 d4 26. Rg1 Bxf3+ 27.
Qxf3 Rg8 28. Bxg7+ Rxg7 29. Qxa8+ {#r} 1-0

[Event "Hampstead U2200 July 2013"]
[Site "Hampstead, UK"]
[Date "2013.07.20"]
[Round "2"]
[White "Chauhan, Pranay"]
[Black "Lim, Mark"]
[Result "0-1"]
[WhiteElo "1450"]
[BlackElo "1843"]
[EventRounds "5"]

1. d4 d6 2. Nf3 c6 3. Bf4 Bg4 4. e3 Nd7 5. h3 Bh5 6. Be2 Ngf6 7. O-O e6 8.
Nbd2 Be7 9. c3 Qb6 10. Nc4 Qc7 11. Qb3 O-O 12. Qa3 c5 13. Rad1 cxd4 14. exd4
Bxf3 15. gxf3 Ne8 16. Qa5 Qc6 17. Kh2 d5 18. Ne5 Nxe5 19. Bxe5 Nd6 20. Rg1 g6
21. Kh1 Rfe8 22. Bxd6 Bxd6 23. Bb5 Qc8 24. Bxe8 Qxe8 25. b3 Qe7 26. Qb5 Qh4
27. Qf1 Rc8 28. Rc1 h5 29. Qg2 a5 30. Rge1 b5 31. c4 Ba3 32. Rc2 Qxd4 33. Qg3
bxc4 34. f4 c3 35. Qe3 Qf6 36. Qe5 Qxe5 37. fxe5 Bb4 38. Rd1 Kg7 39. Kg2 Rd8
40. Rd3 d4 41. f4 f6 42. Kf3 Bc5 43. Ke2 Rd5 44. exf6+ Kxf6 45. Kf3 Rf5 46.
Ke4 g5 47. Rf3 gxf4 48. Rxf4 Rxf4+ 49. Kxf4 Bb4 50. Ke4 e5 51. Rg2 Ba3 52. h4
Bc1 53. Rc2 Bd2 54. a3 Ke6 55. b4 axb4 56. axb4 Be1 57. Rh2 Kd6 58. Kd3 Kd5
59. Re2 Bxh4 60. b5 Bd8 61. Rh2 e4+ 62. Kc2 Kc4 63. Rf2 d3+ 64. Kc1 c2 {#R}
0-1

[Event "Hampstead U2200 July 2013"]
[Site "Hampstead, UK"]
[Date "2013.07.20"]
[Round "2"]
[White "Szucs, Zoltan"]
[Black "Breindel, Jake"]
[Result "1-0"]
[WhiteElo "1632"]
[BlackElo "1786"]
[EventRounds "5"]

1. e4 d5 2. exd5 Nf6 3. d4 Nxd5 4. Nf3 Bg4 5. c4 Nb6 6. Be2 c6 7. b3 N8d7 8.
Nc3 Nf6 9. O-O e6 10. Be3 Bb4 11. Qc2 O-O 12. Rad1 Qc7 13. Ne4 Nxe4 14. Qxe4
Bf5 15. Qh4 h6 16. Bxh6 gxh6 17. Qxh6 f6 18. Nh4 Qh7 19. Nxf5 exf5 20. Qf4
Rad8 21. c5 Nd5 22. Bc4 Kh8 23. Qc1 Ba5 24. Rd3 Rg8 25. Kh1 Rg5 26. f4 Rh5 27.
h3 Qe7 28. Qd1 Rh7 29. Qf3 Qe4 30. a3 Qxf3 31. Rfxf3 Re7 32. b4 Bc7 33. Bxd5
Rxd5 34. g3 Rd8 35. Kg2 Re2+ 36. Rf2 Rde8 37. Rxe2 Rxe2+ 38. Kf3 Re7 39. Re3
Rxe3+ 40. Kxe3 b6 41. d5 bxc5 42. bxc5 cxd5 43. Kd4 Kg7 44. Kxd5 Kf7 45. Kc6
Bd8 46. Kd7 Ba5 47. c6 Bb6 48. c7 Bxc7 49. Kxc7 Ke7 50. a4 a5 51. Kc6 Ke6 52.
h4 Kf7 53. Kb5 {#r} 1-0

[Event "Hampstead U2200 July 2013"]
[Site "Hampstead, UK"]
[Date "2013.07.20"]
[Round "2"]
[White "Farzaliyev, Kanan"]
[Black "Larios, Rafael"]
[Result "1-0"]
[WhiteElo "2050"]
[BlackElo "1610"]
[EventRounds "5"]

1. e4 c5 2. Nf3 g6 3. d4 cxd4 4. Nxd4 Bg7 5. Be3 Nc6 6. Nc3 Nf6 7. f3 d5 8.
Bb5 O-O 9. O-O Nxd4 10. Bxd4 dxe4 11. fxe4 Bg4 12. Qd3 a6 13. Bc4 Qc7 14. h3
Be6 15. Bxe6 fxe6 16. Qe3 Qc4 17. Rad1 Rad8 18. Bc5 Nh5 19. Rxf8+ Rxf8 20. Rd3
Bxc3 21. Rxc3 Qf1+ 22. Kh2 Nf4 23. Qf2 Qd1 24. Rf3 g5 25. Bxe7 Rf7 26. Bxg5
Nxh3 27. Kxh3 Qh1+ 28. Kg3 Qh5 29. Rxf7 Qxg5+ 30. Kh2 Qh5+ 31. Kg1 Qxf7 32.
Qxf7+ Kxf7 33. Kf2 e5 34. Kf3 Kg6 35. Kg4 b5 36. b3 b4 37. Kh4 h5 38. g4 hxg4
39. Kxg4 Kf6 40. Kh5 Ke6 41. Kg6 a5 42. Kg5 Kd7 43. Kf5 {#r} 1-0

[Event "Hampstead U2200 July 2013"]
[Site "Hampstead, UK"]
[Date "2013.07.20"]
[Round "2"]
[White "Millward, David J"]
[Black "Ivanov, Elizabeth"]
[Result "1-0"]
[WhiteElo "1998"]
[BlackElo "1602"]
[EventRounds "5"]

1. e4 c5 2. Nc3 Nc6 3. f4 d6 4. Bb5 Bd7 5. Nf3 Nf6 6. d3 g6 7. O-O Bg7 8. a3
O-O 9. Kh1 a6 10. Bxc6 Bxc6 11. Qe2 Rc8 12. Be3 Ng4 13. Bg1 Qd7 14. Rae1 e6
15. h3 Nf6 16. g4 b5 17. Kh2 a5 18. e5 Nd5 19. Nxd5 exd5 20. Qd2 d4 21. Kg3 a4
22. Bh2 Rfe8 23. Re2 dxe5 24. Nxe5 Bxe5 25. fxe5 Qd5 26. Qf4 Re6 27. Qxf7+ Kh8
28. Kh4 g5+ 29. Kxg5 Qd8+ 30. Rf6 Re7 31. Qh5 Be8 32. Rf8+ Kg7 33. Qh6# 1-0

[Event "Hampstead U2200 July 2013"]
[Site "Hampstead, UK"]
[Date "2013.07.20"]
[Round "2"]
[White "Puiu, Claudiu"]
[Black "Macdonald, John"]
[Result "1-0"]
[WhiteElo "1930"]
[BlackElo "1602"]
[EventRounds "5"]

1. d4 Nf6 2. c4 c5 3. d5 e6 4. Nc3 exd5 5. cxd5 d6 6. e4 g6 7. f4 Bg7 8. Nf3
O-O 9. Bd3 a6 10. a4 Qc7 11. O-O c4 12. Bc2 Nbd7 13. Kh1 Rb8 14. Be3 b5 15.
axb5 axb5 16. e5 Ng4 17. Ba7 Rb7 18. exd6 Qxd6 19. Ne4 Qb4 20. Bd4 Ngf6 21.
Ne5 Nxd5 22. Nc6 Bxd4 23. Qxd4 {#r} 1-0

[Event "Hampstead U2200 July 2013"]
[Site "Hampstead, UK"]
[Date "2013.07.20"]
[Round "2"]
[White "Gupta, Arul"]
[Black "Ali, Zarrar"]
[Result "1-0"]
[WhiteElo "1789"]
[BlackElo "1600"]
[EventRounds "5"]

1. e4 c5 2. Nf3 Nc6 3. Bb5 e6 4. Bxc6 bxc6 5. d3 d5 6. e5 g6 7. O-O Bg7 8. Re1
Ne7 9. b3 O-O 10. Ba3 f6 11. Bxc5 fxe5 12. Nxe5 d4 13. Nd2 Bxe5 14. Rxe5 Rf5
15. Qe2 Rxe5 16. Qxe5 Qd5 17. Bxd4 Qxe5 18. Bxe5 {#r} 1-0

[Event "Hampstead U2200 July 2013"]
[Site "Hampstead, UK"]
[Date "2013.07.20"]
[Round "2"]
[White "Parry, Jacques"]
[Black "Karia, Kamlesh"]
[Result "1-0"]
[WhiteElo "1762"]
[BlackElo "1570"]
[EventRounds "5"]

1. d4 d5 2. c4 e5 3. dxe5 d4 4. Nf3 Nc6 5. g3 Nge7 6. Bg5 h6 7. Bxe7 Bxe7 8.
Bg2 O-O 9. a3 Be6 10. Nbd2 a5 11. O-O Qd7 12. Re1 Bh3 13. Bh1 f5 14. Nb3 Rad8
15. Nc1 f4 16. Nd3 Qg4 17. Qb3 Rb8 18. Nd2 fxg3 19. hxg3 Kh8 20. Bf3 Qd7 21.
Bg2 Bxg2 22. Kxg2 b6 23. Nf3 Qg4 24. Qa4 Nd8 25. Qc2 Ne6 26. Rh1 Nf4+ 27. Nxf4
Rxf4 28. Qd3 Rbf8 29. Rh2 R4f7 30. Rah1 Qf5 31. Rd1 Qxd3 32. Rxd3 Bc5 33. Kf1
Kg8 34. Nh4 Re8 35. Nf3 c6 36. Nxd4 Bxd4 37. Rxd4 Rxe5 38. Rd6 Rc5 39. Rh4 Rf8
40. b4 Rcf5 41. f3 axb4 42. axb4 Rc8 43. Rg4 c5 44. b5 Rb8 45. Rxh6 Kf7 46.
Rhg6 Rf6 47. Rxg7+ Ke6 48. R7g6 {#r} 1-0